000 00825nam a2200265Ia 4500
003 OSt
005 20220926005211.0
006 a|||||r|||| 00| 0
007 ta
008 220923b |||||||| |||| 00| 0 eng d
020 _a0761997814
_c550
037 _b10726, 29/03/2005, Govinda
_cGeneral Book
040 _aRTL
_cRTL
_beng
041 _2eng
_aeng
082 _aY:3(Q).2.P, P4/TD
100 _aRobinson Rowena Ed.
_914509
245 0 _aSociology of religion in India
260 _a New Delhi
_bSage Publications
_c2004
300 _a359p
_ccm.
490 _aThemes in Indian Sociology, V3
500 _aBibliography chapterwise
650 _aSociology of Religion
942 _hY:3(Q).2.P, P4/TD
_cGB
_2CC
999 _c613142
_d613142